Revista Cantua / (Record no. 21952)

000 -CABECERA
fixed length control field 01483nam a22002657a 4500
003 - IDENTIFICADOR DEL NÚMERO DE CONTROL
control field AR-CdUCM
008 - DATOS DE LONGITUD FIJA--INFORMACIÓN GENERAL
fixed length control field 190425b ||||| |||| 00| 0 spa d
040 ## - FUENTE DE LA CATALOGACIÓN
Agencia/entidad que catalogó originalmente la obra MUNICIPALIDAD PROVINCIAL DEL CUSCO
Entidad que transcribió la catalogación BIBLIOTECA MUNICIPAL DEL CUSCO
082 ## - NÚMERO DE LA CLASIFICACIÓN DECIMAL DEWEY
No. de Clasificación Cantua/N°7-8/1980
245 ## - MENCIÓN DE TÍTULO
Título Revista Cantua /
Mención de responsabilidad Órgano del Centro de estudiantes de Ciencias Biológicas
260 ## - PUBLICACIÓN, DISTRIBUCIÓN, ETC.
Lugar de publicación, distribución, etc. Cusco :
Nombre de la editorial, distribuidor, etc. Órgano del Centro de estudiantes de Ciencias Biológicas,
Fecha de publicación, distribución, etc. 1980.
300 ## - DESCRIPCIÓN FÍSICA
Nº de Páginas Extensión 107 páginas. :
Otros detalles físicos ilustraciones ;
Dimensiones 29 cm.
440 ## - MENCIÓN DE SERIE/PUNTO DE ACCESO ADICIONAL--TÍTULO
Título Cantua
Número de la parte/sección de una obra Número 7,8. año 1980.
9 (RLIN) 46973
505 ## - NOTA DE CONTENIDO CON FORMATO
Nota de contenido formateada Contenido: Los mamíferos colectados por Otto Garlepp. Ismael Cevallos Bendezú. -- Aves dañinas a los cultivos agrícolas del Cusco. Ángel Flores Bustamante. -- Plantas que afectan la conservación de los restos arqueológicos del Cusco. Horacio Zamalloa Díaz. -- Lista de insectos de Kallanga. Ismael Cevallos Bendezú. -- Hormigas del departamento del Cusco. José Escalante Gutiérrez. -- Nuevo registro de Gasterópodos de la region Sur del Perú. -- Normas para el cuidado y reproducción de peces rojos. -- Poesía botánica.
650 ## - PUNTO DE ACCESO ADICIONAL DE MATERIA--TÉRMINO DE MATERIA
Descriptor Biología
9 (RLIN) 881
650 ## - PUNTO DE ACCESO ADICIONAL DE MATERIA--TÉRMINO DE MATERIA
Descriptor Ecología
9 (RLIN) 4960
650 ## - PUNTO DE ACCESO ADICIONAL DE MATERIA--TÉRMINO DE MATERIA
Descriptor Insectos
9 (RLIN) 46969
650 ## - PUNTO DE ACCESO ADICIONAL DE MATERIA--TÉRMINO DE MATERIA
Descriptor Cusco
9 (RLIN) 772
700 ## - PUNTO DE ACCESO ADICIONAL--NOMBRE DE PERSONA
Nombre Personal Zamalloa Díaz, Horacio
9 (RLIN) 46081
700 ## - PUNTO DE ACCESO ADICIONAL--NOMBRE DE PERSONA
Nombre Personal Escalante Gutiérrez, José
9 (RLIN) 46974
700 ## - PUNTO DE ACCESO ADICIONAL--NOMBRE DE PERSONA
Nombre Personal Cevallos Bendezú, Ismael
9 (RLIN) 46975
710 ## - PUNTO DE ACCESO ADICIONAL--NOMBRE DE ENTIDAD CORPORATIVA
Nombre corporativo (En letras Mayúsculas) Universidad Nacional de San Antonio Abad del Cusco
9 (RLIN) 15942
942 ## - ELEMENTOS DE PUNTO DE ACCESO ADICIONAL (KOHA)
Fuente de clasificación
Tipo de item Revistas cusqueñas
945 ## - PROCESAMIENTO DE INFORMACIÓN LOCAL (OCLC)
Catalogador rac
Holdings
Estado de retiro (separado) Fuente de clasificación o esquema de estanterías Estado dañado Ubicación Sala donde se ubica Nombre de la colección Fecha de adquisición o compra Fuente de adquisición Costo, precio normal en soles Signatura topográfica Código de Barras Última vez visto (Koha) Tipo de ítem (Koha)
No     Sala Hemeroteca Sala Hemeroteca Book Cart 2022-01-18 Donación 10.00 Cantua/N°7-8/1980 REVC000467 2022-01-18 Revistas cusqueñas

Powered by Koha